Fundamentos de fisicoquímica

Bibliographic Details
Main Authors: Maron, Samuel H, Prutton, Carl F
Format: Section = Libro
Language:Undetermined
Spanish
Published: México Limusa 2006
Subjects:
LEADER 00473nam a2200193Ia 4500
008 240829s9999 xx 000 0 und d
020 |a 968-18-0164-4 
040 |a BIBLIOTECA-RUSB/ 539 M354 
041 |a spa 
082 |a 539 M354 
100 1 |a Maron, Samuel H  
100 1 |b  Prutton, Carl F 
245 1 0 |a Fundamentos de fisicoquímica 
260 |a México  |b Limusa  |c 2006 
300 |a 899 p. :il. 
650 7 |a FISICOQUIMICA 
942 |c BK  |2 ddc 
991 |a TEXTO 
999 |c 2217